Statistics for Countries Without the Letter A

Click here to take the quiz!

General Stats

  • This quiz has been taken 52 times
  • The average score is 20 of 30

Answer Stats

Answer% Correct
Mexico
89%
Sweden
89%
Chile
82%
Belgium
80%
Fiji
80%
Togo
80%
United Kingdom
76%
Benin
73%
Greece
73%
Peru
73%
Cyprus
69%
Egypt
69%
Turkey
69%
Yemen
69%
Belize
67%
Liechtenstein
67%
Luxembourg
67%
Morocco
67%
Djibouti
64%
Lesotho
64%
Burundi
62%
Philippines
60%
Comoros
58%
Kosovo
58%
Niger
58%
Czech Republic
51%
Montenegro
51%
Brunei
47%
Seychelles
44%
Republic of the Congo
40%

Score Distribution

Percentile by Number Answered

Percent of People with Each Score

Your Score History

You have not taken this quiz